000 00693nas a2200229 4500
001 BR8902566
003 BR-BrBNA
005 20231205091545.0
007 ta
008 230509b bl.|||p| |||| 00| 00por d
040 _aBR-BrBNA
_bpor
_cBiblioteca Nacional de Agricultura
041 _a(Pt)
072 _aL01; N10
100 1 _aAnon.
245 1 _aOrdenha mecanica, fator de racionalizacao e economia na bovinocultura de leite
650 _aORDENHA MECANICA
650 _aORDENHADEIRA
650 _aBOVINOCULTURA
773 0 _tAgricultura de Hoje (Brazil)
_xISSN 0100-5707
_g(Jul 1975), v. 1(4) p. 40-43
_wBR8902566
909 _a202311
_bLúcia
_c55
_dLúcia Elande
942 _2AGRIS
_n0
_cANA
999 _c125851
_d125851